Ronda de Doha paralizada: Lamy pide "tiempo para reflexionar"
Збережено в:
| Формат: | Текст |
|---|---|
| Предмети: | |
| Теги: |
Додати тег
Немає тегів, Будьте першим, хто поставить тег для цього запису!
|
MARC
| LEADER | 00000 a a2200000 04500 | ||
|---|---|---|---|
| 001 | 13111 | ||
| 003 | |||
| 040 | |||
| 245 | |a Ronda de Doha paralizada: |b Lamy pide "tiempo para reflexionar" | ||
| 650 | |a SUBSIDIOS | ||
| 650 | |a ARANCELES | ||
| 650 | |a NEGOCIACIONES COMERCIALES | ||
| 773 | |g volumen 7, número 3; páginas 1-4 | ||
| 999 | |c 37121 |d 37121 | ||
